| 000 | 00618nam a2200205 a 4500 | ||
|---|---|---|---|
| 005 | 20140310183430.0 | ||
| 008 | 080107s19uu xx 00 eng d | ||
| 020 | _a007--124438-7 | ||
| 050 |
_aHF 5415.13 _b.D993 2006 |
||
| 100 | _aDwyer, Robert F. | ||
| 245 |
_aBusiness marketing : _bconnecting strategy, relationships, and learning./ _cF. Robert Dwyer. |
||
| 260 |
_aU.S.A : _bMcGraw-Hill, _c2006. |
||
| 300 |
_a683 p. : _c22 cm. |
||
| 521 | _aBSBA | ||
| 650 | _aIndustrial marketing. | ||
| 650 |
_aIndustrial marketing _xManagement. |
||
| 700 | _aTanner, John F. | ||
| 942 |
_cBK _2lcc _kFOR |
||
| 999 |
_c22725 _d22725 |
||